000 00664cam a2200229 i 4500
001 4157615
005 20180215042421.0
008 790524s1979 nyua b 000 0 eng
010 _a 78071873
020 _a0155719645 (v. 1)
040 _aDLC
_cDLC
_dDLC
041 _aeng
043 _an-us---
080 _a973
082 0 0 _a973 NASH
_219
100 _a16
101 _aHIS
245 0 4 _aThe Private side of American history :
_cedited by Gary B. Nash, under the general editorship of John Morton Blum.
504 _aIncludes bibliographies.
906 _a7
_bcbc
_corignew
_d2
_eopcn
_f19
_gy-gencatlg
942 _2ddc
_cBK
999 _c42607
_d42607